Al alba de las emociones: respiración y manejo de las emociones

Guardat en:
Dades bibliogràfiques
Autor principal: Bloch, Susana (Autor)
Format: Llibre
Idioma:espanyol
Publicat: Santiago Uqbar 2012
Edició:10a. ed
Matèries:
Etiquetes: Afegir etiqueta
Sense etiquetes, Sigues el primer a etiquetar aquest registre!

MARC

LEADER 00000cam a2200000 a 4500
001 UCD6353
003 CL-VaPUC
008 161201e20120000cl |||||||||||||||||spa|d
020 |a 9789568601058 
082 0 4 |a 152.4  |b BLO  |2 21 
100 0 |a Bloch, Susana  |e author  |9 590160 
245 1 0 |a Al alba de las emociones: respiración y manejo de las emociones 
250 |a 10a. ed 
300 |a 284 p 
942 |c BK 
945 |d 20161201 17:35:00  |a dcastane 
260 |a Santiago  |b Uqbar  |c 2012 
650 0 |a Psicología aplicada   |9 270762 
650 0 |a Emociones   |9 265224 
650 0 |a Respiración   |9 343794 
650 0 |a Lenguaje corporal  |9 308592 
583 |a last modification  |c 20161201 17:35:00  |k Rodrigo Vera 
999 |c 366706  |d 366704 
952 |0 0  |1 0  |3 erb  |4 0  |6 152_400000000000000_BLO_2012  |7 0  |8 C  |9 481184  |a BIBCUR  |b BIBCUR  |i 5354978  |l 1  |o 152.4 BLO 2012  |p 5354978  |r 2025-04-22  |s 2022-08-25  |w 2019-11-24  |y BK  |z Catalogado en:20161201  |k CAC